000 01068nam0a22002891 4500
001 rc\4704601
005 20260407002502.0
021 _aRU
_bРг3608-59
035 _a(NLR Aleph) 008434596
090 _a9439040
_c9439040
100 _a20130416d1959 |||y0rusy50 ca
101 0 _arus
_alav
102 _aRU
105 _aac b |||||
200 1 _aКаталог выставки орнаментов Юлия Страуме
_fСоюз художников Латв. ССР. Музей истории Латв. ССР
210 _aРига
_cБ. и.
_d1959
215 _a16 с., 7 л. ил.
_cпортр.
_d20
300 _aТекст паралл. на рус. и латыш. яз.
300 _aНа обороте тит. л. сост.: А. Дукур
702 1 _aДукур
_bА.
_4220
710 1 0 _aСтрауме,
_gЮлий
_hВыставка орнаментов
_f1959
_eРига
_3RU\NLR\AUTH\889993053
_9482526
801 0 _aRU
_bNLR
_gpsbo
801 1 _aRU
_bELAR
_2rusmarc
852 _aNLR
_bЭ
_jКР493/1959
942 _cBOOK
980 _aNB